Catálogo

Sistema de gestión integral : (Registro nro. 41899)

Detalles MARC
000 -LEADER
fixed length control field 01896nam a2200409 a 4500
001 - CONTROL NUMBER
control field 41899
003 - CONTROL NUMBER IDENTIFIER
control field Mx-PuUPA
005 - DATE AND TIME OF LATEST TRANSACTION
control field 20260223140635.0
008 - FIXED-LENGTH DATA ELEMENTS--GENERAL INFORMATION
fixed length control field 140415s2000 000 0 spa d
020 ## - INTERNATIONAL STANDARD BOOK NUMBER
International Standard Book Number 9789587141580
040 ## - CATALOGING SOURCE
Transcribing agency Mx-PuUPA
Original cataloging agency Mx-PuUPA
Language of cataloging spa
Modifying agency Mx-PuUPA
Description conventions rda
041 0# - LANGUAGE CODE
Language code of text/sound track or separate title spa
100 1# - MAIN ENTRY--PERSONAL NAME
Personal name Atehortúa Hurtado, Federico Alonso,
Relator term autor
9 (RLIN) 17074
245 10 - TITLE STATEMENT
Title Sistema de gestión integral :
Remainder of title una sola gestión, un solo equipo /
Statement of responsibility, etc. Federico Alonso Atehortúa Hurtado, Ramón Elías Bustamante Vélez, Jorge Alberto Valencia de los Ríos
250 ## - EDITION STATEMENT
Edition statement Primera edición
264 #1 - PRODUCTION, PUBLICATION, DISTRIBUTION, MANUFACTURE, AND COPYRIGHT NOTICE
Place of production, publication, distribution, manufacture Medellín, Colombia :
Name of producer, publisher, distributor, manufacturer Editorial Universidad de Antioquia,
Date of production, publication, distribution, manufacture, or copyright notice 2008
300 ## - PHYSICAL DESCRIPTION
Extent 231 páginas :
Other physical details diagramas, tablas ;
Dimensions 24 cm
336 ## - CONTENT TYPE
Fuente rdacontent
Content type term texto
Content type code txt
337 ## - MEDIA TYPE
Source rdamedia
Media type term sin medio
Media type code n
338 ## - CARRIER TYPE
Source rdacarrier
Carrier type term volumen
Carrier type code nc
490 0# - SERIES STATEMENT
Series statement Gestión y Conocimiento
490 0# - SERIES STATEMENT
Series statement Consultoria Organizacional
500 ## - GENERAL NOTE
General note Reimpresiones: Primera, agosto de 2009
500 ## - GENERAL NOTE
General note "Articulación del modelo estándar de control interno, el modelo de responsabilidad social y los sistemas de gestión de calidad, ambiente, salud y seguridad indstrial, seguridad de la información y riesgos". -- Portada
650 #7 - SUBJECT ADDED ENTRY--TOPICAL TERM
Topical term or geographic name entry element Administración de empresas
Source of heading or term armarc
650 #7 - SUBJECT ADDED ENTRY--TOPICAL TERM
Topical term or geographic name entry element Control de calidad
Source of heading or term armarc
650 #7 - SUBJECT ADDED ENTRY--TOPICAL TERM
Topical term or geographic name entry element Auditoria interna
Source of heading or term armarc
650 #7 - SUBJECT ADDED ENTRY--TOPICAL TERM
Topical term or geographic name entry element Seguridad industrial
Source of heading or term armarc
650 #7 - SUBJECT ADDED ENTRY--TOPICAL TERM
Topical term or geographic name entry element Administración industrial
Source of heading or term armarc
700 1# - ADDED ENTRY--PERSONAL NAME
Personal name Bustamante Vélez, Ramón Elías,
Relator term autor
700 1# - ADDED ENTRY--PERSONAL NAME
Personal name Valencia de los Ríos, Jorge Alberto,
Relator term autor
942 ## - ADDED ENTRY ELEMENTS (KOHA)
Source of classification or shelving scheme Dewey Decimal Classification
Koha item type Libro
Classification part 658
Item part A86
Existencias
Withdrawn status Lost status Source of classification or shelving scheme Damaged status Not for loan Collection code Home library Current library Shelving location Date acquired Source of acquisition Cost, normal purchase price Total Checkouts Full call number Barcode Date last seen Cost, replacement price Price effective from Koha item type
    Dewey Decimal Classification     General Biblioteca Karol Wojtyla Biblioteca Karol Wojtyla Sala general 14/05/2025 29 526.24   658 A86 2008 106077 05/01/2026 526.24 14/05/2025 Libro